00308 a2200121 450000500170000000800410001702000180005804100120007610000190008824500400010726000310014730000080017820250514115350.0250514b |||||||| |||| 00| 0 eng d a9789390253616 aEnglish aSomashekher C. aLife And Works Of Dr. B.R. Ambedkar bCurrent Publicationsc2022 a272